[Event "Heusenstamm Sparkassen op-A 9th"]
[Site "Heusenstamm"]
[Date "2023.11.25"]
[Round "4"]
[White "Seidel, Andre"]
[Black "Krause, Jonah"]
[Result "0-1"]
[WhiteElo "2181"]
[BlackElo "2366"]
[PlyCount "48"]
[EventDate "2023.11.23"]
[EventType "swiss"]
[EventRounds "7"]
[EventCountry "GER"]
[SourceTitle "CBM 217 Extra"]
[Source "ChessBase"]
[SourceDate "2024.01.31"]
[SourceVersion "1"]
[SourceVersionDate "2024.01.31"]
[SourceQuality "1"]

1. e4 c5 2. c3 d5 3. exd5 Qxd5 4. Nf3 Nf6 5. Na3 a6 6. Bc4 Qd8 7. d4 e6 8. Nc2 Qc7 9. Be2 Nbd7 10. 0-0 b6 11. h3 Bb7 12. Re1 Bd6 13. dxc5 Nxc5 14. Be3 0-0 15. Nfd4 Rfd8 16. Qc1 Rac8 17. Bg5 Nce4 18. Bxf6 gxf6 19. Bf3 Bf4 20. Ne3 Kh8 21. Qc2 f5 22. Nexf5 exf5 23. Nxf5 Rd2 24. Qa4 Bh2+ 0-1

[Event "Heusenstamm Sparkassen op-A 9th"]
[Site "Heusenstamm"]
[Date "2023.11.25"]
[Round "5"]
[White "Weiss, Matthias"]
[Black "Seidel, Andre"]
[Result "1/2-1/2"]
[WhiteElo "1983"]
[BlackElo "2181"]
[PlyCount "29"]
[EventDate "2023.11.23"]
[EventType "swiss"]
[EventRounds "7"]
[EventCountry "GER"]
[SourceTitle "CBM 217 Extra"]
[Source "ChessBase"]
[SourceDate "2024.01.31"]
[SourceVersion "1"]
[SourceVersionDate "2024.01.31"]
[SourceQuality "1"]

1. e4 e6 2. d4 d5 3. Nd2 Nf6 4. e5 Nfd7 5. Bd3 c5 6. c3 Nc6 7. Ngf3 cxd4 8. cxd4 Qb6 9. 0-0 Nxd4 10. Nxd4 Qxd4 11. Nf3 Qb6 12. Qa4 Qb4 13. Qc2 Qc5 14. Qa4 Qb4 15. Qc2 1/2-1/2

[Event "Rhein Main op-A 25th"]
[Site "Bad Homburg"]
[Date "2023.06.08"]
[Round "2"]
[White "Seidel, Andre"]
[Black "Kuhn, Gerhard"]
[Result "1-0"]
[WhiteElo "2171"]
[BlackElo "1929"]
[PlyCount "61"]
[EventDate "2023.06.07"]
[EventType "swiss"]
[EventRounds "7"]
[EventCountry "GER"]
[SourceTitle "CBM 215 Extra"]
[Source "ChessBase"]
[SourceDate "2023.09.30"]
[SourceVersion "1"]
[SourceVersionDate "2023.09.30"]
[SourceQuality "1"]

1. d4 Nf6 2. c4 g6 3. Nc3 d5 4. cxd5 Nxd5 5. e4 Nxc3 6. bxc3 c5 7. Bb5+ Nc6 8. d5 Qa5 9. Qa4 Qxc3+ 10. Ke2 Qxa1 11. dxc6 Kd8 12. Nf3 Qf6 13. cxb7 Bxb7 14. Rd1+ Kc8 15. Bd7+ Kb8 16. Bb5 Bg7 17. Bg5 Qb2+ 18. Rd2 Qb4 19. Bf4+ e5 20. Nxe5 Qxe4+ 21. Qxe4 Bxe4 22. Ba6 Kc7 23. Nc4+ Kc6 24. Rd6+ Kc7 25. Re6+ Kd8 26. Rxe4 Kd7 27. Bb5+ Kd8 28. Bc6 Rc8 29. Bb7 f5 30. Re6 Rb8 31. Bxb8 1-0

[Event "GER-ch Seniors"]
[Site "Dresden"]
[Date "2012.08.17"]
[Round "9"]
[White "Perk, Egbert"]
[Black "Seidel, Andre"]
[Result "1/2-1/2"]
[WhiteElo "1966"]
[BlackElo "2037"]
[PlyCount "53"]
[EventDate "2012.08.09"]
[EventType "swiss"]
[EventRounds "9"]
[EventCountry "GER"]
[SourceTitle "EXT 2014"]
[Source "ChessBase"]
[SourceDate "2013.11.20"]
[SourceVersion "1"]
[SourceVersionDate "2013.11.20"]
[SourceQuality "1"]

1. d4 b6 2. c4 Bb7 3. Nc3 e6 4. a3 Nf6 5. Qc2 c5 6. h3 cxd4 7. Nd1 e5 8. e3 Be4 9. Qd2 Nc6 10. b4 a5 11. b5 Nb4 12. Qb2 Nc2+ 13. Kd2 Nxa1 14. f3 Bf5 15. e4 Be6 16. Qxa1 Qc7 17. Nb2 Rc8 18. Bd3 Bc5 19. Ne2 0-0 20. Ke1 Ne8 21. g4 Nd6 22. h4 Qa7 23. Ng3 Nb7 24. Na4 Nd6 25. Nf5 Bxf5 26. gxf5 f6 27. Ke2 1/2-1/2

[Event "GER-ch Seniors"]
[Site "Dresden"]
[Date "2012.08.16"]
[Round "8"]
[White "Seidel, Andre"]
[Black "Hallmann, Eberhard"]
[Result "1-0"]
[WhiteElo "2037"]
[BlackElo "1888"]
[PlyCount "85"]
[EventDate "2012.08.09"]
[EventType "swiss"]
[EventRounds "9"]
[EventCountry "GER"]
[SourceTitle "EXT 2014"]
[Source "ChessBase"]
[SourceDate "2013.11.20"]
[SourceVersion "1"]
[SourceVersionDate "2013.11.20"]
[SourceQuality "1"]

1. e4 Nc6 2. d4 e5 3. d5 Nce7 4. Bg5 h6 5. Bh4 g5 6. Bg3 Ng6 7. Nf3 d6 8. h4 g4 9. h5 Nf4 10. Bxf4 exf4 11. Bb5+ Bd7 12. Bxd7+ Qxd7 13. Qd4 gxf3 14. Qxh8 fxg2 15. Rg1 Qg4 16. Qc3 0-0-0 17. Nd2 Qxh5 18. Qf3 Qxf3 19. Nxf3 Nf6 20. Nd2 f3 21. 0-0-0 h5 22. Nxf3 Bh6+ 23. Kb1 Re8 24. Rxg2 Nxe4 25. c4 a5 26. Kc2 Kd7 27. Rh2 Bf4 28. Rxh5 Nxf2 29. Re1 Rxe1 30. Nxe1 Be5 31. Rf5 Ng4 32. Rxf7+ Kd8 33. Nd3 Ne3+ 34. Kb3 Ng4 35. Ka4 b6 36. Kb5 Ne3 37. b3 Nc2 38. Kc6 Nd4+ 39. Kb7 b5 40. c5 Bg3 41. c6 b4 42. Rxc7 Nb5 43. Rg7 1-0

[Event "GER-ch Seniors"]
[Site "Dresden"]
[Date "2012.08.10"]
[Round "2"]
[White "Seidel, Andre"]
[Black "Roos, Hans Goerg"]
[Result "1/2-1/2"]
[WhiteElo "2037"]
[BlackElo "2025"]
[PlyCount "82"]
[EventDate "2012.08.09"]
[EventType "swiss"]
[EventRounds "9"]
[EventCountry "GER"]
[SourceTitle "EXT 2014"]
[Source "ChessBase"]
[SourceDate "2013.11.20"]
[SourceVersion "1"]
[SourceVersionDate "2013.11.20"]
[SourceQuality "1"]

1. e4 c5 2. Nf3 d6 3. Bb5+ Bd7 4. Nc3 Nc6 5. d4 cxd4 6. Nxd4 a6 7. Nxc6 bxc6 8. Bc4 e6 9. Qe2 Qb6 10. 0-0 Be7 11. Re1 e5 12. Na4 Qb4 13. b3 Nf6 14. Bd2 Qb7 15. Ba5 0-0 16. Nb6 Ra7 17. Nxd7 Nxd7 18. Rad1 Nb6 19. Bd3 Nd7 20. Bd2 d5 21. Qh5 d4 22. f4 Bf6 23. Rf1 g6 24. Qf3 exf4 25. Qxf4 Bg7 26. Qh4 Ne5 27. Bg5 Nxd3 28. Rxd3 c5 29. Rh3 h5 30. Rhf3 Qc8 31. Be7 Qg4 32. Qxg4 hxg4 33. Bxf8 gxf3 34. Bxc5 Rc7 35. b4 fxg2 36. Kxg2 Bf8 37. Bxf8 Kxf8 38. Rf2 Rc3 39. Rd2 Ke7 40. a3 Ke6 41. Rxd4 Rxc2+ 1/2-1/2

[Event "Hessenliga 0607"]
[Site "Germany"]
[Date "2006.10.29"]
[Round "3.6"]
[White "Schoebel, Wolfgang"]
[Black "Seidel, Andre"]
[Result "1/2-1/2"]
[WhiteElo "2247"]
[BlackElo "2171"]
[PlyCount "82"]
[EventDate "2006.09.17"]
[EventType "team-tourn"]
[EventRounds "9"]
[EventCountry "GER"]
[SourceTitle "EXT 2008"]
[Source "ChessBase"]
[SourceDate "2007.11.25"]
[SourceVersion "1"]
[SourceVersionDate "2007.11.25"]
[SourceQuality "1"]
[WhiteTeam "Schoeneck II"]
[BlackTeam "Oberursel II"]
[WhiteTeamCountry "GER"]
[BlackTeamCountry "GER"]

1. Nf3 d5 2. c4 c6 3. d4 Nf6 4. Qc2 e6 5. g3 Nbd7 6. Bg2 Bd6 7. Nbd2 0-0 8. 0-0 Qe7 9. b3 e5 10. cxd5 Nxd5 11. Nc4 exd4 12. Nxd4 N7b6 13. Nxd6 Qxd6 14. Bb2 Qh6 15. Rad1 Re8 16. a4 Nf6 17. a5 Nbd5 18. e4 Nc7 19. Rfe1 a6 20. Nxc6 bxc6 21. Qxc6 Ng4 22. Qxc7 Qxh2+ 23. Kf1 Nxf2 24. Qc3 f6 25. Kxf2 Bh3 26. Qf3 Rab8 27. Re3 Rec8 28. Rd2 Rb5 29. Red3 Rxa5 30. Rd8+ Rxd8 31. Rxd8+ Kf7 32. Rd5 Ra2 33. Rd2 Ra5 34. Bc3 Rc5 35. Bb2 Rb5 36. Rd3 a5 37. Ba3 Rg5 38. Bd6 Bg4 39. Qe3 Bh3 40. Qf3 Bg4 41. Qe3 Bh3 1/2-1/2

[Event "Hessenliga 0607"]
[Site "Germany"]
[Date "2006.10.08"]
[Round "2.6"]
[White "Seidel, Andre"]
[Black "Nimsch, Helmut"]
[Result "1/2-1/2"]
[WhiteElo "2171"]
[BlackElo "2106"]
[PlyCount "174"]
[EventDate "2006.09.17"]
[EventType "team-tourn"]
[EventRounds "9"]
[EventCountry "GER"]
[SourceTitle "EXT 2008"]
[Source "ChessBase"]
[SourceDate "2007.11.25"]
[SourceVersion "1"]
[SourceVersionDate "2007.11.25"]
[SourceQuality "1"]
[WhiteTeam "Oberursel II"]
[BlackTeam "Frankfurt BvK II"]
[WhiteTeamCountry "GER"]
[BlackTeamCountry "GER"]

1. d4 d5 2. Nf3 Nf6 3. c3 Bf5 4. Bf4 Nbd7 5. Qb3 Nb6 6. a4 a5 7. e3 e6 8. Nbd2 Be7 9. Ne5 0-0 10. Be2 Ne4 11. Nxe4 Bxe4 12. 0-0 Bd6 13. Bg3 f6 14. Nf3 Bxg3 15. hxg3 Qd6 16. Nd2 Bg6 17. c4 Qb4 18. Qxb4 axb4 19. a5 Nd7 20. Ra4 b6 21. Rfa1 Bf7 22. cxd5 exd5 23. Bb5 Be6 24. a6 c5 25. a7 Rfc8 26. Ra6 Kf7 27. Bxd7 Bxd7 28. Rxb6 cxd4 29. exd4 Rc7 30. Rxb4 Raxa7 31. Rxa7 Rxa7 32. Nb3 Ke7 33. Nc5 Ra1+ 34. Kh2 Bc6 35. g4 Rd1 36. Kg3 Kd6 37. Kf3 g6 38. Ke2 Ra1 39. Nd3 g5 40. Ke3 Rg1 41. g3 Kc7 42. Nc5 Kd6 43. Rb8 Rb1 44. b3 Rb2 45. Rd8+ Ke7 46. Rh8 Bb5 47. Rxh7+ Ke8 48. f4 Re2+ 49. Kf3 Rd2 50. fxg5 fxg5 51. Rb7 Bf1 52. Ne6 Rd3+ 53. Kf2 Bh3 54. Nc7+ Kd8 55. Ne6+ Kc8 56. Rc7+ Kb8 57. Rb7+ Kc8 58. Rb4 Bxg4 59. Nxg5 Kc7 60. Kg2 Rd2+ 61. Kg1 Rd3 62. Kf2 Kc6 63. Rb8 Rxd4 64. Ke3 Rd1 65. Nf7 d4+ 66. Ke4 Kc7 67. Rb4 d3 68. Ke3 Bf5 69. Rc4+ Kb6 70. Rd4 Rg1 71. Kf2 Rb1 72. b4 Rb2+ 73. Ke1 Rg2 74. Nd6 Bg6 75. g4 Kc6 76. Nc4 Re2+ 77. Kd1 Kb5 78. Nd6+ Kc6 79. Nc4 Kb5 80. Nd2 Rg2 81. Ne4 Ka4 82. Nc5+ Kb5 83. Nd7 Bf7 84. Nc5 Rxg4 85. Rxg4 Bh5 86. Kd2 Bxg4 87. Nxd3 Bf5 1/2-1/2

[Event "Frankfurt-ch"]
[Site "Frankfurt"]
[Date "2006.06.12"]
[Round "7"]
[White "Seidel, Andre"]
[Black "Rutkowski, Joerg"]
[Result "1/2-1/2"]
[WhiteElo "2094"]
[BlackElo "1919"]
[PlyCount "40"]
[EventDate "2006.04.24"]
[EventType "swiss"]
[EventRounds "7"]
[EventCountry "GER"]
[SourceTitle "EXT 2007"]
[Source "ChessBase"]
[SourceDate "2006.11.23"]
[SourceVersion "1"]
[SourceVersionDate "2006.11.23"]
[SourceQuality "1"]

1. e4 Nf6 2. e5 Nd5 3. d4 d6 4. Nf3 dxe5 5. dxe5 Bg4 6. Be2 e6 7. 0-0 Nc6 8. Re1 Be7 9. Nbd2 Nf4 10. Bb5 0-0 11. Bxc6 bxc6 12. Re4 Bg5 13. Qf1 Bh6 14. h3 Bf5 15. Rd4 Qe7 16. g4 Bxc2 17. Qc4 Nxh3+ 18. Kg2 c5 19. Qxc2 cxd4 20. Kxh3 f5 1/2-1/2

[Event "Frankfurt-ch"]
[Site "Frankfurt"]
[Date "2006.04.24"]
[Round "1"]
[White "Seidel, Andre"]
[Black "Bauer, Timo"]
[Result "1-0"]
[WhiteElo "2094"]
[BlackElo "1707"]
[PlyCount "71"]
[EventDate "2006.04.24"]
[EventType "swiss"]
[EventRounds "7"]
[EventCountry "GER"]
[SourceTitle "EXT 2007"]
[Source "ChessBase"]
[SourceDate "2006.11.23"]
[SourceVersion "1"]
[SourceVersionDate "2006.11.23"]
[SourceQuality "1"]

1. Nf3 g6 2. d4 Nf6 3. c3 b6 4. Bg5 Bb7 5. Nbd2 d5 6. e3 Qc8 7. Bd3 Ne4 8. Bh4 Bg7 9. Qa4+ Nd7 10. 0-0 Nxd2 11. Nxd2 e6 12. e4 0-0 13. exd5 exd5 14. Rfe1 Re8 15. Rxe8+ Qxe8 16. Bb5 c6 17. Bxc6 Bxc6 18. Qxc6 Nf6 19. Qxe8+ Rxe8 20. Kf1 Ne4 21. Nxe4 Rxe4 22. Bg3 Bh6 23. Re1 f5 24. f3 Rxe1+ 25. Bxe1 Bc1 26. b3 b5 27. Ke2 Kf7 28. Bd2 Ba3 29. b4 Ke6 30. Kd3 a5 31. bxa5 Bd6 32. a6 Bb8 33. Bf4 Ba7 34. Bc1 Kd7 35. Ba3 Bb8 36. Bc5 1-0

[Event "Rhein Main op 07th"]
[Site "Bad Homburg"]
[Date "2004.06.13"]
[Round "7.13"]
[White "Diehm, Alexander"]
[Black "Seidel, Andre"]
[Result "1/2-1/2"]
[WhiteElo "1896"]
[BlackElo "2064"]
[PlyCount "68"]
[EventDate "2004.06.09"]
[EventType "swiss"]
[EventRounds "7"]
[EventCountry "GER"]
[SourceTitle "CBM 100 Extra"]
[Source "ChessBase"]
[SourceDate "2004.07.06"]
[SourceVersion "2"]
[SourceVersionDate "2004.07.06"]
[SourceQuality "1"]

1. d4 d5 2. e4 e6 3. e5 c5 4. c3 Nc6 5. Nf3 cxd4 6. cxd4 Bd7 7. Be2 Bb4+ 8. Bd2 Qb6 9. Bxb4 Qxb4+ 10. Qd2 Nge7 11. 0-0 Nf5 12. Rd1 Qxd2 13. Rxd2 Rc8 14. Nc3 Na5 15. Nb5 Bxb5 16. Bxb5+ Ke7 17. b3 Rc3 18. Bd3 g6 19. g4 Ng7 20. Rad1 Rhc8 21. Ne1 Ne8 22. Rc2 Rxc2 23. Bxc2 Nc6 24. f4 Nb4 25. Bb1 Rc3 26. Kf2 Nc7 27. Nd3 Nca6 28. Ke2 Nxd3 29. Rxd3 Rc1 30. Rd1 Rxd1 31. Kxd1 Nb4 32. Kd2 f5 33. exf6+ Kxf6 34. g5+ Kf7 1/2-1/2

[Event "Rhein Main op 07th"]
[Site "Bad Homburg"]
[Date "2004.06.10"]
[Round "2.22"]
[White "Walzer, Heinz"]
[Black "Seidel, Andre"]
[Result "1/2-1/2"]
[WhiteElo "1906"]
[BlackElo "2064"]
[PlyCount "50"]
[EventDate "2004.06.09"]
[EventType "swiss"]
[EventRounds "7"]
[EventCountry "GER"]
[SourceTitle "CBM 100 Extra"]
[Source "ChessBase"]
[SourceDate "2004.07.06"]
[SourceVersion "2"]
[SourceVersionDate "2004.07.06"]
[SourceQuality "1"]

1. d4 d5 2. Bf4 c6 3. Nf3 Nf6 4. h3 Bf5 5. e3 e6 6. Nbd2 Bd6 7. Bxd6 Qxd6 8. Be2 Nbd7 9. c3 h6 10. 0-0 0-0 11. b4 Rfe8 12. Re1 a5 13. a3 b5 14. Nh4 Bh7 15. g4 g5 16. Ng2 e5 17. dxe5 Qxe5 18. Qc1 Qc7 19. Nb3 a4 20. Nd4 Ne5 21. Rd1 Nc4 22. Bxc4 dxc4 23. Ra2 Nd7 24. f4 Be4 25. Rf2 Rad8 1/2-1/2

[Event "Frankfurt-ch"]
[Site "Frankfurt"]
[Date "2002.05.06"]
[Round "2"]
[White "Seidel, Andre"]
[Black "Lebermann, Hellmuth"]
[Result "1/2-1/2"]
[WhiteElo "2149"]
[BlackElo "2030"]
[PlyCount "43"]
[EventDate "2002.04.??"]
[EventType "swiss"]
[EventRounds "7"]
[EventCountry "GER"]
[SourceTitle "EXT 2003"]
[Source "ChessBase"]
[SourceDate "2002.11.25"]
[SourceVersion "1"]
[SourceVersionDate "2002.11.25"]
[SourceQuality "1"]

1. d4 c5 2. c3 Nf6 3. e3 g6 4. Nd2 d6 5. Bd3 Bg7 6. Ngf3 Nbd7 7. 0-0 0-0 8. b4 b6 9. a4 a5 10. b5 Qc7 11. e4 Bb7 12. Qe2 e5 13. d5 Nh5 14. Nc4 Rae8 15. Qc2 Ndf6 16. Bd2 Bc8 17. Rae1 Nxe4 18. Bxe4 f5 19. Ng5 h6 20. Bf3 hxg5 21. Bxh5 gxh5 22. Bxg5 1/2-1/2

[Event "Wiesbaden op 20th"]
[Site "Wiesbaden"]
[Date "2001.??.??"]
[Round "8"]
[White "Schmidt, Volker"]
[Black "Seidel, Andre"]
[Result "1/2-1/2"]
[WhiteElo "2007"]
[BlackElo "2155"]
[PlyCount "112"]
[EventDate "2001.08.??"]
[EventType "swiss"]
[EventRounds "9"]
[EventCountry "GER"]
[SourceTitle "EXT 2002"]
[Source "ChessBase"]
[SourceDate "2001.11.25"]
[SourceVersion "1"]
[SourceVersionDate "2001.11.25"]
[SourceQuality "1"]

1. c4 c6 2. Nc3 d5 3. cxd5 cxd5 4. Nf3 Nc6 5. g3 Nf6 6. d4 Ne4 7. Bg2 g6 8. 0-0 Nxc3 9. bxc3 Bg7 10. Bf4 0-0 11. Qc1 Bg4 12. Bh6 Rc8 13. Bxg7 Kxg7 14. Qb2 Bxf3 15. Bxf3 Na5 16. Rfc1 b6 17. Qb5 e6 18. e4 dxe4 19. Bxe4 Nc4 20. Bd3 Qc7 21. Qa6 Na5 22. Qb5 Qc6 23. Qe5+ Kg8 24. Qe2 Rfd8 25. Rc2 Rc7 26. h4 Qd6 27. h5 e5 28. Rd1 exd4 29. cxd4 Rxc2 30. Bxc2 Qd5 31. hxg6 hxg6 32. Qg4 Kg7 33. Qf4 Qxa2 34. Qe5+ Kg8 35. Qf6 Rf8 36. Bxg6 Qe6 37. Qxe6 fxe6 38. Bd3 Rd8 39. Bf1 Nc6 40. Rc1 Nxd4 41. Rc7 a5 42. Rb7 Rd6 43. Kg2 Nb3 44. Bb5 Kf8 45. g4 Nc5 46. Ra7 Rd4 47. Kh3 Rb4 48. Bc6 a4 49. Kh4 Nd3 50. Kh5 Ne5 51. Bxa4 Nxg4 52. Kg6 b5 53. Bd1 Ke8 54. Bxg4 Rxg4+ 55. Kf6 Ra4 56. Rb7 Rf4+ 1/2-1/2

[Event "Wiesbaden op 20th"]
[Site "Wiesbaden"]
[Date "2001.??.??"]
[Round "9"]
[White "Wornath, Kai Rudolf"]
[Black "Seidel, Andre"]
[Result "1-0"]
[WhiteElo "2386"]
[BlackElo "2155"]
[PlyCount "95"]
[EventDate "2001.08.??"]
[EventType "swiss"]
[EventRounds "9"]
[EventCountry "GER"]
[SourceTitle "EXT 2002"]
[Source "ChessBase"]
[SourceDate "2001.11.25"]
[SourceVersion "1"]
[SourceVersionDate "2001.11.25"]
[SourceQuality "1"]

1. d4 d5 2. c4 c6 3. Nf3 Nf6 4. Nc3 e6 5. Bg5 dxc4 6. e4 b5 7. e5 h6 8. Bh4 g5 9. Nxg5 Nd5 10. Nxf7 Qxh4 11. Nxh8 Bb4 12. Rc1 Qe4+ 13. Be2 Nf4 14. Qd2 Nd3+ 15. Kf1 Nxc1 16. Qxc1 Qxd4 17. Qxh6 Bxc3 18. bxc3 Qxc3 19. g3 Kd8 20. Qf8+ Kc7 21. Qd6+ Kb7 22. Nf7 a5 23. Kg2 Bd7 24. Bf3 Qb4 25. h4 Qxd6 26. Nxd6+ Kb6 27. h5 Na6 28. h6 c3 29. h7 Nb4 30. a3 Na2 31. Be4 b4 32. h8Q Rxh8 33. Rxh8 c5 34. Rb8+ Kc7 35. Rb7+ Kd8 36. g4 c2 37. Bxc2 Bc6+ 38. Kg3 Bxb7 39. Nxb7+ Kc7 40. Nxc5 bxa3 41. Nxe6+ Kb6 42. g5 Nc1 43. Bb1 Ne2+ 44. Kg4 Nc3 45. g6 Nxb1 46. Nd4 Nd2 47. g7 a2 48. Nc2 1-0

[Event "Oberliga Ost-B 9900"]
[Site "Germany"]
[Date "2000.03.12"]
[Round "9.6"]
[White "Baumhackel, Mario"]
[Black "Seidel, Andre"]
[Result "1/2-1/2"]
[WhiteElo "2153"]
[BlackElo "2179"]
[PlyCount "23"]
[EventDate "1999.10.??"]
[EventType "team-tourn"]
[EventRounds "11"]
[EventCountry "GER"]
[SourceTitle "EXT 2002"]
[Source "ChessBase"]
[SourceDate "2001.11.25"]
[SourceVersion "1"]
[SourceVersionDate "2001.11.25"]
[SourceQuality "1"]

1. d4 d5 2. Nf3 c6 3. e3 Bf5 4. c4 e6 5. Qb3 Qb6 6. Be2 Nf6 7. Nc3 Nbd7 8. Bd2 Bd6 9. Nh4 Qxb3 10. axb3 Bg6 11. Nxg6 hxg6 12. h3 1/2-1/2

[Event "Wiesbaden op 18th"]
[Site "Wiesbaden"]
[Date "1999.09.04"]
[Round "9"]
[White "Koehler, Ronald"]
[Black "Seidel, Andre"]
[Result "1-0"]
[WhiteElo "2240"]
[BlackElo "2179"]
[PlyCount "63"]
[EventDate "1999.08.??"]
[EventType "swiss"]
[EventRounds "9"]
[EventCountry "GER"]
[SourceTitle "EXT 2001"]
[Source "ChessBase"]
[SourceDate "2000.11.22"]
[SourceVersion "1"]
[SourceVersionDate "2000.11.22"]
[SourceQuality "1"]

1. d4 d5 2. c4 c6 3. Nf3 Nf6 4. Nc3 e6 5. Bg5 dxc4 6. e4 b5 7. e5 h6 8. Bh4 g5 9. Nxg5 Nd5 10. Nxf7 Qxh4 11. Nxh8 Bb4 12. Rc1 c5 13. dxc5 Nd7 14. Be2 Bxc3+ 15. bxc3 Nxe5 16. Bh5+ Ke7 17. 0-0 Qf6 18. f4 Nd3 19. Ng6+ Kd8 20. Qf3 Nxc1 21. Rxc1 Bb7 22. a4 a6 23. Qg3 Qf5 24. Bf3 Kc7 25. Ne5 Qf8 26. Kh1 Rd8 27. f5 Kc8 28. c6 Ba8 29. fxe6 Nxc3 30. Nd7 Rxd7 31. exd7+ Kd8 32. Qb8+ 1-0